04350cam a22004097i 450000100090000000300090000900500170001800800410003502000180007603500240009404001580011808200220027610000300029824501060032824601030043426400430053726400100058030000690059033600260065933600330068533700280071833800270074638600170077338600550079038600740084550520000091952005450291965000390346465000480350365000560355165300220360765500640362990600450369394200120373899900170375095201730376721017832EG-ScBUE20211208132625.0190613t2018 nyuac f 000 0 eng d a9780865653566 a(OCoLC)on1024093023 aYDXbengerdacYDXdBDXdERASAdORXdYDXdOCLCFdGYGdCNOdCODdOCLCOdUBYdIGAdCHVBKdOCLCOdNZGPLdOCLCOdB@LdRA8dOCLCOdNZAUCdOCLCOdDLCdEG-ScBUE04a747.0922bBOL2221 aBoles, Jennifer,eauthor.10aInspired design :bthe 100 most important interior designers of the past 100 years /cJennifer Boles.3 aInspired design :bthe one hundred most important interior designers of the past one hundred years 1aNew York ;aLondon :bVendome,c[2018] 1cc2018 avii, 387 pages :billustrations, portraits (some color) ;c32 cm atextbtxt2rdacontent astill imagebsti2rdacontent aunmediatedbn2rdamedia avolumebnc2rdacarrier aWomen2lcdgt mNationality/regional group:nnataAmericans2lcdgt mOccupational/field of activity group:noccaInterior designers2lcdgt00tThe big six.tElsie de Wolfe ;tJean-Michel Frank ;tBilly Baldwin ;tSister Parish ;tAlbert Hadley ;tDavid Hicks --tA century of women.tNancy McClelland ;tEileen Gray ;tSyrie Maugham ;tRuby Ross Wood ;tRose Cumming ;tDorothy Draper ;tEleanor McMillen Brown ;tMadeleine Castaing ;tAndrée Putman ;tBarbara D'Arcy ;tBunny Williams ;tBarbara Barry --tThe influencers.tVanessa Bell ;tHenry Francis du Pont ;tCedric Gibbons ;tCharles de Beistegui ;tCecil Beaton ;tPauline Potter de Rothschild ;tRoderick Cameron --tThe Americans.tFrances Elkins ;tWilliam Pahlmann ;tGeorge Stacey ;tVan Day Truex ;tT.H. Robsjohn-Gibbings ;tWard Bennett ;tMichael Taylor ;tSally Sirkin Lewis ;tBruce Gregga ;tAngelo Donghia ;tVicente Wolf ;tStephen Sills ;tTom Scheerer --tThe English masters.tMrs. Guy Bethell ;tBasil Ionides ;tNancy Lancaster ;tJohn Fowler ;tGeoffrey Bennison ;tJohn Stefanidis ;tNicholas Haslam ;tDavid Mlinaric ;tNina Campbell ;tRobert Kime ;tVeere Grenney ;tKit Kemp ;tBen Pentreath --tThe globalists.tStéphane Boudin ;tGeorges Geffroy ;tHenri Samuel ;tValerian Stux Rybar ;tFrançois Catroux ;tAlberto Pinto ;tChristian Liaigre ;tJacques Grange ;tAxel Vervoordt ;tThierry W. Despont --tThe grandees.tRenzo Mongiardino ;tDenning and Fourcade ;tMac II ;tIrvine & Fleming ;tMario Buatta ;tDavid Easton ;tMark Hampton ;tPeter Marino --tLike no other.tDonald Deskey ;tWilliam Haines ;tTony Duquette ;tJohn Dickinson ;tArthur Elrod ;tBill Willis ;tCarleton Varney ;tJohn Saladino ;tJoseph D'Urso ;tRose Tarlow --tGone too soon.tMichael Greer ;tJay Spectre ;tKalef Alaton ;tRobert Metzger ;tHarrison Cultra ;tJed Johnson ;tGreg Jordan --tMaking their mark.tDavid Kleinberg ;tDaniel Romualdez ;tBrian McCarthy ;tPeter Dunham ;tIndia Mahdavi ;tBruce Budd ;tMichael Smith ;tPierre Yovanovitch ;tKelly Wearstler ;tMarkham Roberts ;tSteven Gambrel ;tMiles Redd ;tAlexa Hampton ;tJean-Louis Deniot.8 aMost decorating books focus on one designer; the rest focus on one period, one trend, one room. This book, for the first time, has the big picture: ALL the names everybody must know from the entire 100-year history of interior design. Each designer is profiled and illustrated with three to four photographs of their best work; what we can learn from them?and how they changed decorating forever?is clearly highlighted to catch the eye. And to put it all together, a final chapter presents the 10 most important rooms of the past 100 years. 7aInterior decorators.2BUEsh941532 7aInterior decorationxHistory.2BUEsh941532 7aInterior decorationvPictorial works.2BUEsh941532 bARTcDecember2021 7aIllustrated works.2fast0(OCoLC)fst01423873.vReading book a7bcbcccopycatd2encipf20gy-gencatlg 2ddccBB c29713d29684 00102ddc40708BaccahaMAINbMAINc2NDd2021-12-08ePurchaseg1250.00h36257l1m11o747.0922 BOLp000056039r2025-07-15 00:00:00s2022-03-12v1562.50w2021-12-08yBB